| 000 | 00846cam a2200265 i 4500 | ||
|---|---|---|---|
| 001 | 18614368 | ||
| 005 | 20180205072716.0 | ||
| 008 | 951108t19961996njua b 001 0ceng | ||
| 010 | _a 95050109 | ||
| 020 | _a0806518006 (hard) | ||
| 040 |
_aDLC _beng _erda _cDLC |
||
| 041 | _aeng | ||
| 042 | _apcc | ||
| 043 | _an-us--- | ||
| 080 | _a332.092273 KLE | ||
| 082 | 0 | 0 |
_a332.092273 KLE _223 |
| 100 | 1 | _a52 | |
| 101 | _aEKO | ||
| 245 | 1 | 4 |
_aThe wealthy 100 : _cMichael Klepper and Robert Gunther. |
| 246 | 3 | 0 | _aWealthy one hundred |
| 504 | _aIncludes bibliographical references (pages 349-350) and index. | ||
| 906 |
_a7 _bcbc _corigres _d3 _encip _f20 _gy-gencatlg |
||
| 942 |
_2ddc _cBK |
||
| 999 |
_c41767 _d41767 |
||